One act plays of today 1st series (Transfered to SOA) (Record no. 244131)
[ view plain ]
| 000 -LEADER | |
|---|---|
| fixed length control field | 00244 a2200109 4500 |
| 001 - CONTROL NUMBER | |
| control field | 9058 |
| 082 ## - DEWEY DECIMAL CLASSIFICATION NUMBER | |
| Classification number | 808.2 MAR |
| 090 ## - LOCALLY ASSIGNED LC-TYPE CALL NUMBER (OCLC); LOCAL CALL NUMBER (RLIN) | |
| -- | 7240 |
| -- | 7240 |
| 100 ## - MAIN ENTRY--PERSONAL NAME | |
| Personal name | Marriott, J W |
| 245 ## - TITLE STATEMENT | |
| Title | One act plays of today 1st series (Transfered to SOA) |
| 260 ## - PUBLICATION, DISTRIBUTION, ETC. | |
| Name of publisher, distributor, etc. | Harrap |
| 942 ## - ADDED ENTRY ELEMENTS (KOHA) | |
| Institution code [OBSOLETE] | NUST-CAE |
| Withdrawn status | Lost status | Damaged status | Not for loan | Collection code | Permanent Location | Current Location | Date acquired | Total Checkouts | Barcode | Date last seen | Price effective from | Koha item type |
|---|---|---|---|---|---|---|---|---|---|---|---|---|
| College of Aeronautical Engineering (CAE) | College of Aeronautical Engineering (CAE) | 04/03/2017 | CAE8430 | 04/05/2017 | 04/05/2017 | Book | ||||||
| College of Aeronautical Engineering (CAE) | College of Aeronautical Engineering (CAE) | 04/03/2017 | CAE8431 | 04/05/2017 | 04/05/2017 | Book |
